[Event "Ottawa EOCA op"]
[Site "Ottawa"]
[Date "2023.03.03"]
[Round "1"]
[White "Xu, Daniel"]
[Black "Hansen, Troy"]
[Result "1-0"]
[WhiteElo "2339"]
[BlackElo "2010"]
[PlyCount "101"]
[EventDate "2023.03.03"]
[EventType "swiss"]
[EventRounds "5"]
[EventCountry "CAN"]
[SourceTitle "CBM 213 Extra"]
[Source "ChessBase"]
[SourceDate "2023.05.31"]
[SourceVersion "1"]
[SourceVersionDate "2023.05.31"]
[SourceQuality "1"]

1. e4 e6 2. d4 d5 3. Nd2 c5 4. Ngf3 Nc6 5. exd5 Qxd5 6. Bc4 Qd8 7. Nb3 cxd4 8. 0-0 Nf6 9. Nbxd4 Nxd4 10. Nxd4 a6 11. c3 Qc7 12. Bb3 Bd6 13. h3 e5 14. Qe2 0-0 15. Nf3 h6 16. Be3 Bf5 17. Rfd1 Rad8 18. a4 a5 19. Nh4 Bc8 20. Qb5 Bd7 21. Qb6 Be6 22. Bxe6 fxe6 23. c4 Rf7 24. Qb5 Rc8 25. Bb6 Qxc4 26. Rxd6 Qxh4 27. Rxe6 Nd7 28. Be3 b6 29. Rd6 Rc7 30. Rad1 Qe7 31. Qd5 Kh7 32. Re6 Qf8 33. Qe4+ Kg8 34. Qg4 Kh8 35. Qh4 Rf6 36. Qg4 Qf7 37. Rxf6 Nxf6 38. Rd8+ Ne8 39. Bxb6 Rb7 40. Qc8 Rxb6 41. Rxe8+ Kh7 42. Rh8+ Kg6 43. Qg4+ Kf6 44. Qe4 Rxb2 45. Qc6+ Ke7 46. Qc5+ Ke6 47. Qc8+ Kd5 48. Rd8+ Ke4 49. f3+ Kf4 50. Qg4+ Ke3 51. Qe4# 1-0